[Event "South Wales op 17th"]
[Site "Bridgend"]
[Date "2022.07.11"]
[Round "8"]
[White "Waddington, Mike P"]
[Black "Fathallah, Joe"]
[Result "1/2-1/2"]
[WhiteElo "2071"]
[BlackElo "1912"]
[PlyCount "40"]
[EventDate "2022.07.07"]
[EventType "swiss"]
[EventRounds "9"]
[EventCountry "WLS"]
[SourceTitle "CBM 209 Extra"]
[Source "ChessBase"]
[SourceDate "2022.09.30"]
[SourceVersion "1"]
[SourceVersionDate "2022.09.30"]
[SourceQuality "1"]

1. Nc3 e6 2. e4 d5 3. Nf3 Nf6 4. e5 Nfd7 5. d4 c5 6. Bg5 Qb6 7. dxc5 Nxc5 8. Bb5+ Bd7 9. Qe2 a6 10. Bxd7+ Ncxd7 11. 0-0-0 Bc5 12. Na4 Qb5 13. Qxb5 axb5 14. Nxc5 Nxc5 15. Kb1 Nc6 16. Nd4 Nxe5 17. Nxb5 0-0 18. Be7 Rfc8 19. Bxc5 Rxc5 20. Nd4 Nc6 1/2-1/2

[Event "South Wales op 17th"]
[Site "Bridgend"]
[Date "2022.07.07"]
[Round "2"]
[White "Waddington, Mike P"]
[Black "Derakhshani, Borna"]
[Result "0-1"]
[WhiteElo "2071"]
[BlackElo "2387"]
[PlyCount "80"]
[EventDate "2022.07.07"]
[EventType "swiss"]
[EventRounds "9"]
[EventCountry "WLS"]
[SourceTitle "CBM 209 Extra"]
[Source "ChessBase"]
[SourceDate "2022.09.30"]
[SourceVersion "1"]
[SourceVersionDate "2022.09.30"]
[SourceQuality "1"]

1. Nc3 d5 2. e4 c6 3. f4 dxe4 4. Nxe4 Nf6 5. Nf2 g6 6. Nf3 Bg7 7. Bc4 0-0 8. 0-0 Qc7 9. Ne5 e6 10. Qe2 b5 11. Bb3 c5 12. d3 Nc6 13. Nxc6 Qxc6 14. a4 Bb7 15. Nh3 a6 16. c3 Rad8 17. Bc2 Nd5 18. axb5 axb5 19. Rf3 b4 20. c4 Ne7 21. Ng5 Nf5 22. Rh3 h5 23. Nf3 Nd4 24. Nxd4 Bxd4+ 25. Kh1 Qd7 26. Rg3 h4 27. Rh3 Bf6 28. Ba4 Qc8 29. Qg4 e5 30. Bd1 Qxg4 31. Bxg4 exf4 32. Bxf4 Bxb2 33. Rf1 Rfe8 34. Bg5 Rd4 35. Bd1 Bc3 36. Bxh4 Bc8 37. g4 Bxg4 38. Bxg4 Rxg4 39. Bf2 Rf4 40. Kg1 b3 0-1

[Event "Dyfed op 49th"]
[Site "Fishguard"]
[Date "2020.02.15"]
[Round "3"]
[White "Bourne, Johnathan"]
[Black "Waddington, Mike P"]
[Result "1-0"]
[WhiteElo "1904"]
[BlackElo "2046"]
[PlyCount "89"]
[EventDate "2020.02.14"]
[EventType "swiss"]
[EventRounds "5"]
[EventCountry "WLS"]
[SourceTitle "EXT 2022"]
[Source "ChessBase"]
[SourceDate "2021.10.06"]
[SourceVersion "1"]
[SourceVersionDate "2021.10.06"]
[SourceQuality "1"]

1. e4 e5 2. f4 Bc5 3. Nf3 d6 4. c3 Bg4 5. Qa4+ Nd7 6. Be2 c6 7. d4 Bxf3 8. Bxf3 Bb6 9. 0-0 Ngf6 10. Be3 0-0 11. Nd2 Re8 12. Rae1 Bc7 13. Qc2 b5 14. g4 Nb6 15. g5 Nfd7 16. Bh5 exf4 17. Bxf4 g6 18. Bf3 Nf8 19. h4 a5 20. Qd3 Qd7 21. Rf2 d5 22. Bxc7 Qxc7 23. e5 Nc4 24. Nf1 b4 25. Nh2 bxc3 26. bxc3 Ne6 27. Bg2 Re7 28. Ng4 Ra7 29. Ref1 Qd8 30. Bh3 Kg7 31. Nh6 c5 32. Qf3 Re8 33. Nxf7 Qe7 34. Nh6 cxd4 35. Bxe6 Qxe6 36. cxd4 a4 37. Qg3 Qb6 38. Rf7+ Rxf7 39. Rxf7+ Kh8 40. Qf2 Qb1+ 41. Kh2 Qb2 42. Qxb2 Nxb2 43. e6 Rxe6 44. Rf8+ Kg7 45. Rg8# 1-0

[Event "Isle of Man Major op"]
[Site "Isle of Man"]
[Date "2019.10.14"]
[Round "3"]
[White "Waddington, Mike P"]
[Black "Santos, Joao Artur Almeida"]
[Result "1/2-1/2"]
[WhiteElo "2041"]
[BlackElo "1937"]
[PlyCount "56"]
[EventDate "2019.10.12"]
[EventType "swiss"]
[EventRounds "7"]
[EventCountry "IOM"]
[SourceTitle "CBM 192 Extra"]
[Source "Chessbase"]
[SourceDate "2019.11.06"]
[SourceVersion "1"]
[SourceVersionDate "2019.11.06"]
[SourceQuality "1"]

1. c4 e5 2. Nc3 d6 3. d4 exd4 4. Qxd4 Nc6 5. Qd2 Nf6 6. e4 g6 7. b3 Bg7 8. Bb2 0-0 9. 0-0-0 Rb8 10. f3 a6 11. g4 h5 12. gxh5 Nxh5 13. Nge2 Qh4 14. Nd5 Ne5 15. Qe3 c6 16. Qa7 Be6 17. Ndc3 Nxf3 18. Kb1 Be5 19. Bg2 Ng5 20. Qe3 b5 21. cxb5 axb5 22. Nd4 Rfc8 23. Nxe6 Nxe6 24. Rhf1 Nhf4 25. Bf3 Qf6 26. h4 Qxh4 27. Ne2 c5 28. Rh1 Qf6 1/2-1/2

[Event "Isle of Man Major op"]
[Site "Isle of Man"]
[Date "2019.10.13"]
[Round "2"]
[White "Miller, George"]
[Black "Waddington, Mike P"]
[Result "0-1"]
[WhiteElo "1844"]
[BlackElo "2041"]
[PlyCount "84"]
[EventDate "2019.10.12"]
[EventType "swiss"]
[EventRounds "7"]
[EventCountry "IOM"]
[SourceTitle "CBM 192 Extra"]
[Source "Chessbase"]
[SourceDate "2019.11.06"]
[SourceVersion "1"]
[SourceVersionDate "2019.11.06"]
[SourceQuality "1"]

1. e4 e6 2. d3 d5 3. Nd2 Nf6 4. Ngf3 Nc6 5. c3 dxe4 6. dxe4 Bc5 7. Bc4 0-0 8. 0-0 e5 9. h3 a5 10. a4 Qe7 11. Qb3 Nh5 12. Re1 Qf6 13. Bf1 Nf4 14. Qb5 b6 15. g3 Ba6 16. Qb3 Bxf1 17. Kxf1 Nxh3 18. Re2 g5 19. Ke1 Nxf2 20. Rxf2 Bxf2+ 21. Kxf2 g4 22. Kg2 gxf3+ 23. Nxf3 Qe6 24. Qb5 f6 25. Bh6 Rfd8 26. Rh1 Rd7 27. Rh4 Rad8 28. Nh2 Ne7 29. Qe2 Ng6 30. Rh5 Kh8 31. Bc1 Rg8 32. Kf3 Qd6 33. Ng4 Qd3+ 34. Qxd3 Rxd3+ 35. Ke2 Rxg3 36. Nxf6 Rg7 37. Bh6 Rf7 38. Nd5 Rg2+ 39. Ke1 Rxb2 40. Ne3 Ra2 41. Nf5 Rxa4 42. Rh2 Rxe4+ 0-1